| 000 | 01027cam a2200385 4500500 | ||
|---|---|---|---|
| 005 | 20260329005349.0 | ||
| 041 | _afre | ||
| 042 | _adc | ||
| 100 | 1 | 0 |
_aEltchaninoff, Michel _eauthor |
| 245 | 0 | 0 | _aCustine : celui qui avait tout deviné de la Russie |
| 260 | _c2023. | ||
| 500 | _a7 | ||
| 690 | _aCorruption | ||
| 690 | _aDémocratie | ||
| 690 | _aEmpire | ||
| 690 | _aEurope | ||
| 690 | _aGuerre | ||
| 690 | _aHistoire | ||
| 690 | _aHomosexualité | ||
| 690 | _aMensonge | ||
| 690 | _aMichel Eltchaninoff | ||
| 690 | _aMoscou | ||
| 690 | _aObéissance | ||
| 690 | _aParanoïa | ||
| 690 | _aPrison | ||
| 690 | _aProphétie | ||
| 690 | _aRussie | ||
| 690 | _aServitude | ||
| 690 | _aServitude volontaire | ||
| 690 | _aTocqueville | ||
| 690 | _aVoyage | ||
| 690 | _aVoyage Philosophique | ||
| 786 | 0 | _nPhilosophie magazine | 169 | 5 | 2023-05-01 | p. 15-18 | 1951-1787 | |
| 856 | 4 | 1 | _uhttps://shs.cairn.info/magazine-philosophie-magazine-2023-5-page-15?lang=fr&redirect-ssocas=7080 |
| 999 |
_c1842688 _d1842688 |
||